| 000 | 00784nam a2200265Ia 4500 | ||
|---|---|---|---|
| 008 | 170203s9999 xx 000 0 und d | ||
| 020 | _a9780753405239 | ||
| 050 | _a0 30 | ||
| 050 | _bO58i 1997 | ||
| 100 | _aO'Neill, Amanda. | ||
| 245 | _aVultures are bald and other questions about birds / | ||
| 245 | _cAmanda O'Neill. | ||
| 260 | _aDanbury, Connecticut : | ||
| 260 | _bGrolier, | ||
| 260 | _c2008 | ||
| 300 | _a32 pages : | ||
| 300 | _bcolor illustrations ; | ||
| 300 | _c29 cm. | ||
| 440 | _aI wonder why series. | ||
| 500 | _aOriginally published: London : Kingfisher, c1997. | ||
| 650 | _aBirds -- Miscellanea -- | ||
| 650 | _aChildren's questions and answers. | ||
| 650 | _xJuvenile literature. | ||
| 700 | _aI wonder why vultures are bald., Title. | ||
| 999 |
_c305559 _d305559 |
||